000 00808nam a2200253 a 4500
001 30761
003 BD-RjUL
005 20211209051619.0
008 760623s1921 enkb 001 0 eng d
035 _a(BD-RjUL)30848
040 _aBNG
_cBNG
_dEQO
_dBD-RjUL
_beng
041 _aeng
082 _223
_a320.91767
_bSTN 1932
100 1 _aStoddard, Lothrop,
_d1883-1950.
_9224309
245 1 4 _aThe new world of Islam /
_cby Lothrop Stoddard.
260 _aLondon :
_bChapman and Hall,
_c1921 [Cheap Re-issue 1932]
300 _avii, 306 p. :
_bIll. ;
_c23 cm.
500 _a"With Map"
504 _aIncludes Bibliographical footnotes and ndex.
650 0 _aIslam
_xIslamic countries
_9224310
650 0 _aPolitical conditions
_zIslamic countries
_9224314
650 0 _aPanislamism
_9224311
942 _2ddc
_cRAR
999 _c30761
_d30761